La verdad sobre todo : una historia irreverente de la filosofía : con ilustraciones /

Contra la sacralización de la ciencia y de la manera de acercarse a ella, el autor de este texto realiza una aproximación irreverente y lúdica a la historia de la filosofía y sostiene que la filosofía no es una disciplina profesional especializada, sino una disposición y respeto por el saber, que cu...

Ful tanımlama

Kaydedildi:
Detaylı Bibliyografya
Yazar: Stewart, Matthew (autor)
Materyal Türü: Kitap
Dil:İspanyolca
Baskı/Yayın Bilgisi: Madrid, España : Taurus, 1998, c1998
Konular:
Etiketler: Etiketle
Etiket eklenmemiş, İlk siz ekleyin!

MARC

LEADER 00000nam^a2200000^a^4500
001 000105909
005 20250521000000.0
009 20260310093516.67
020 |a 84-306-0286-0 
037 |a Acervo ITESO - Biblioteca 
041 |a ESP 
082 |a 140. 9  |b STE 
100 |a Stewart, Matthew  |e (autor) 
245 1 3 |a La verdad sobre todo :  |b una historia irreverente de la filosofía : con ilustraciones /  |c M. Stewart ; tr. por Pablo Hermida Lazcano, Pablo de Lora Deltoro. 
264 4 |a Madrid, España :  |b Taurus,  |c 1998, c1998 
300 |a 581 p. 
336 |a texto  |b txt  |2 rdacontenido 
337 |a sin mediación  |b n  |2 rdamedio 
338 |a volumen  |b nc  |2 rdasoporte 
500 |a Traducción de: The Truth About Everything. An Irreverent History of Philosophy, with Illustrations 
520 |a Contra la sacralización de la ciencia y de la manera de acercarse a ella, el autor de este texto realiza una aproximación irreverente y lúdica a la historia de la filosofía y sostiene que la filosofía no es una disciplina profesional especializada, sino una disposición y respeto por el saber, que cualquiera puede hacer parte de su vida. 
649 |a XX 
650 |a Filosofía Clásica -  |x Historia y Crítica 
650 |a Filosofía Medieval -  |x Historia y Crítica 
650 |a Filosofía Moderna -  |x Historia y Crítica 
650 |a Filosofía del Siglo XIX -  |x Historia y Crítica 
650 |a Filosofía del Siglo XX -  |x Historia y Crítica 
650 |a Filosofía -  |x Historia y Crítica -  |x Tema Principal 
910 |a Fondo General 
920 |a Impresos - Libros 
930 |a Colección General 
905 |a 101 
901 |a 0500041825  |b IT1  |c ACC  |u 20250521 
902 |a https://opac.biblio.iteso.mx/vufind/Record/000105909